000 00517nam a2200181Ia 4500
999 _c14667
_d14667
003 OSt
005 20260305124735.0
008 190216s9999||||xx |||||||||||||| ||und||
020 _a9780747585893
040 _coclc
082 _a813.6
_bHOS/T
100 1 _aHosseini, Khaled
_96186
245 2 _aA Thousand Splendid Suns /
_cKhaled Hosseini
260 _bBlooms Bury,
_c2008.
_aLondon:
300 _a419p
650 _aEnglish-Fiction English
942 _cBK
_2ddc
_h813.6
_iHOS/T
_k813.6
_mHOS/T